000 01206nam a22002657a 4500
005 20170124103127.0
010 _aB-185959
020 _c150.00
035 _aB-185959
037 _bCen Lib/Ret
040 _aDPL
_bHN
082 _a305.42
_bपंडिता
100 _aपंडिता रमाबाई
_983564
245 _aहिंदू स्त्री का जीवन /
_cपंडिता रमाबाई ; अनुवादक शंभू जोशी
246 _aHindu stri ka jeevan /
_bby Pandita Ramabaai ; anuvadak Shambhu Joshi
260 _bसंवाद प्रकाशन
_aमेरठ
_c2006
270 _bमेरठ
_e250 004
_aआई-499, शास्त्रीनगर
300 _a119पृ.
_c20सेमी(सजिल्द)
650 _aधर्म व समाज -- स्त्रियों का स्थान
_983565
650 _aनारी -- वैवाहिक अधिकार
_983566
650 _aReligion and society - for women
_983567
650 _aWoman - marital rights
_983568
700 _aजोशी, शंभू
_983569
942 _2ddc
_cHN
_h305.42
_mपंडिता
999 _c119145
_d119145